000 00578nam a22002057a 4500
999 _c172893
_d172893
005 20200214130521.0
008 080922t xxu||||| |||| 00| 0 eng d
010 _aENG-127841
020 _c495.00
035 _aEN-111373
037 _bDBAD / PUB
040 _bEnglish
082 _aS
100 _aTagore,Rabindra Nath
245 _aSelected stories of Tagore/
_cby Rabindra Nath Tagore
260 _aDelhi
_bLaxmi book house
_c2019
270 _a6/49,IIIrd floor,Vishwas Nagar,Shahdara
_bDelhi
_e110032
300 _a189p.
_c22cm(hb)
942 _2ddc
_cEN
_mTAG
_hS